00632nam a22002057a 450000500170000001000150001702000260003203500140005803700090007208200130008110000200009424500760011425000060019026000550019627000700025130000270032170000260034870000250037470000270039920260609145004.0 aENG-148798 a9789364442558c795.00 aEN-132330 bDBAD 23a519.5 aJaggia, Sanjiv  aEssentials of Business Statistics Using Excel/cSanjiv Jaggia...[et.al] a3 aChennaibMcGraw Hill Education India Pvt Ltdc2026 a5/90 Anjana Complex, Butt Road, St. Thomas MountbChennaie600016 a448p.c28cm(pb)bIndex aKelly, AlisoneAuthor aSachan, AmiteAuthor aSengupta TuhineAuthor